header

Eating bitterness (Record no. 145857)

MARC details
000 -LEADER
fixed length control field 01689nam a2200373 a 4500
082 04 - DEWEY DECIMAL CLASSIFICATION NUMBER
Classification number 307.2/40951
100 1# - MAIN ENTRY--AUTHOR NAME
Personal name Loyalka, Michelle Dammon,
245 10 - TITLE STATEMENT
Title Eating bitterness
260 ## - PUBLICATION, DISTRIBUTION, ETC. (IMPRINT)
Place of publication Berkeley :
Name of publisher University of California Press,
Year of publication 2012.
300 ## - PHYSICAL DESCRIPTION
Number of Pages 264 p. :
Other physical details map.
500 ## - GENERAL NOTE
General note "Philip E. Lilienthal book."
505 0# - FORMATTED CONTENTS NOTE
Formatted contents note The veggie vendors -- The impenetrable knife sharpener -- The teenage beauty queens -- The ever-floating floater -- The landless landlords -- The nowhere nanny -- The opportunity spotter -- The big boss.
650 #0 - SUBJECT ADDED ENTRY--TOPICAL TERM
Topical Term Rural-urban migration
Topical Term Migration, Internal
856 40 - ELECTRONIC LOCATION AND ACCESS
Uniform Resource Identifier http://site.ebrary.com/lib/rucke/Doc?id=10529567

No items available.

© 2026 Rongo University
Contact us: librarian | system librarian | Rongo university